Statistics for G Footballers

Click here to take the quiz!

General Stats

  • This quiz has been taken 13 times
  • The average score is 7 of 20

Answer Stats

HintAnswer% Correct
Man City managerGuardiola
90%
Man Utd record medal winnerGiggs
80%
Brazilian Tottenham and Watford keeperGomes
70%
Transferred for £99,999 back in 1961Greaves
50%
Kept goal for England in 2014 World CupGreen
50%
Won over 100 caps for EnglandGerrard
50%
Frenchman played for Arsenal Chelsea and TottenhamGallas
50%
Frenchman with 95 Arsenal goalsGiroud
50%
Won 2 World Cups with BrazilGarrincha
40%
Former Scotland forward went on to work on Sky SportsGray
20%
Famous for crying in 1990Gascoigne
20%
Current Irishman with 20 year International careerGiven
20%
Scottish Tottenham forward of 60s and 70sGilzean
20%
Cameroon player starred for Chelsea and MiddlesbroughGeremi
20%
Played in a record 8 European Cup finalsGento
10%
Won 1970 World Cup with BrazilGerson
10%
Frenchman starred in Loreal advertGinola
10%
Scored over 100 goals for Man City 1998-2003Goater
0%
Played in 1982 World Cup final for ItalyGraziani
0%
Ex Arsenal player whose brother was Englands cricket captainGatting
0%

Score Distribution

Percentile by Number Answered

Percent of People with Each Score

Your Score History

You have not taken this quiz